000 00507nam a2200193Ia 4500
003 GCL
008 140319s9999 xx 000 0 eng d
040 _aGCL /
_cGCL
082 0 4 _a726.2
_bS I
100 1 _aSTIENHIN, HENRI
245 1 0 _aISLAMI :V.1: LES ORIGINES DE BAGDAD A CONDAUE /
_cSTIENHIN, HENRI
700 1 _aSTERLIN, ANNE HENRI
260 _a[S.N] :
_bTASCHEN ،
_c1996
300 _a240 P
650 0 4 _aARTS
650 0 4 _aARCHITECTURE
650 0 4 _aARCHITECTURE, ISLAMIC
942 _2ddc
_cBK
999 _c16011
_d16011